Celebrities With Odd Hair Colors by Picture - Statistics

General Stats
  • This quiz has been taken 87 times
  • The average score is 10 of 16
Answer Stats
Picture Answer % Correct
Donald Trump
98%
Nicki Minaj
89%
Pink
84%
Emma Stone
81%
Katy Perry
80%
Scarlett Johansson
78%
Julia Roberts
73%
Avril Lavigne
67%
Kylie Jenner
65%
Nicole Kidman
64%
Amy Adams
61%
Chuck Norris
51%
Conan O'Brien
46%
Julianne Moore
39%
Isla Fisher
36%
Jon Heder
16%
No matching quizzes found
Score Distribution
Percent of People with Each Score
Percentile by Number Answered
Your Score History
You have not taken this quiz